000 00295nam a2200109Ia 4500
008 201223s9999 xx 000 0 und d
100 _aSaletore, R. N.
245 0 _aIndian Pirates : From the Earliest times to the Present Day
260 _aDelhi
_bConcept Publishing
300 _a200
942 _cBK
999 _c8292
_d8292